An Introduction to Business Decision Making: Text and Cases (Record no. 5438)

MARC details
005 - DATE AND TIME OF LATEST TRANSACTION
control field 20250626161642.0
020 ## - INTERNATIONAL STANDARD BOOK NUMBER
International Standard Book Number 0-458-94560-9
082 ## - DEWEY DECIMAL CLASSIFICATION NUMBER
Classification number 658.403 INT
100 ## - MAIN ENTRY--PERSONAL NAME
Author name HUMPHREY J.A.
245 ## - TITLE STATEMENT
Title An Introduction to Business Decision Making: Text and Cases
250 ## - EDITION STATEMENT
Edition statement 2nd Ed.
260 ## - PUBLICATION, DISTRIBUTION, ETC.
Place of publication, distribution, etc. Ontario
Name of publisher, distributor, etc. MethuenPublication
Date of publication, distribution, etc. 1981
300 ## - PHYSICAL DESCRIPTION
Extent iv; 531Pages;
Other physical details illustration; tables; pictures
Dimensions 24 cm
700 ## - ADDED ENTRY--PERSONAL NAME
Other authors/Editors PEARCE, M.R. et all.
942 ## - ADDED ENTRY ELEMENTS (KOHA)
Source of classification or shelving scheme Dewey Decimal Classification
Koha item type Books
Holdings
Date last seen Total checkouts Full call number Barcode Price effective from Koha item type Lost status Source of classification or shelving scheme Damaged status Not for loan Withdrawn status Home library Current library Shelving location Date acquired Source of acquisition
06/26/2025   658.403 INT DOM0002304 06/26/2025 Books   Dewey Decimal Classification       CBE Dodoma CBE Dodoma General Collection 08/12/1982 Library Budget